000 00411nam a2200169 a 4500
001 BRCA_2932
005 20190320204031.0
008 151208s1952----fr-a---###---#000-0#eng-#
050 4 _aF1230
_b.M49 1952
245 1 0 _aLe Mexique conquis.
260 _aParis
_bDesaint et Saillant
_c1952
300 _a2 v.
_bil.
_c17 cm.
500 _aB71
651 4 _aMéxico
_xHistoria
_9614
902 _aGFM
942 _2lcc
_cB
999 _c2671
_d2671